Statistics for 2018 NRL Captains Quiz

Click here to take the quiz!

General Stats

  • This quiz has been taken 103 times
  • The average score is 15 of 25

Answer Stats

Team Captain(s) % Correct
Melbourne StormCameron Smith
98%
Cronulla-Sutherland SharksPaul Gallen
86%
Canberra RaidersJarrod Croker
85%
North Queensland CowboysJonathan Thurston
80%
Boyd Cordner
80%
Brisbane BroncosDarius Boyd
79%
South Sydney RabbitohsGreg Inglis
76%
Newcastle KnightsMitchell Pearce
74%
Manly-Warringah Sea EaglesDaly Cherry-Evans
74%
Benji Marshall
66%
Sydney RoostersJake Friend
65%
Matt Scott
63%
St. George Illawara DragonsGareth Widdop
63%
Gold Coast TitansRyan James
56%
Beau Scott
56%
New Zealand WarriorsRoger Tuivasa-Sheck
54%
Canterbury-Bankstown BulldogsJosh Jackson
53%
Parramatta EelsTim Mannah
53%
Wade Graham
46%
Wests TigersJosh Reynolds
35%
Elijah Taylor
34%
Penrith PanthersPeter Wallace
34%
Chris Lawrence
28%
Russell Packer
26%
Jamie Buhrer
18%

Score Distribution

Percentile by Number Answered

Percent of People with Each Score

Your Score History

You have not taken this quiz